000
00333nam a22001457a 4500
008
210531b ||||| |||| 00| 0 eng d
020
_a
9780933833258
041
_a
eng
080
_a
82
082
_a
82
100
_a
21
101
_a
GJL
245
_a
Beacham's Guide to Literature for Young Adults
_c
Beetz,K.H
942
_2
udc
_c
BK
999
_c
57823
_d
57823